000 00785nam a2200265Ia 4500
001 3098
005 20240113233612.0
007 ta
008 050404s2003 a g b000 u eng u
020 _a0-415-23492-1
_cRs. 325.00
040 _aCotton College,Assam
041 _aeng
082 _a823.9
_bHa 261 Co
100 _aHarvey, Geoffrey .
245 0 _aThe complete critical guide to Thomas Hardy /
_cGeoffrey Harvey.
_hTextual Documents
250 _a1st ed /
260 _aNew York :
_bRoutledge Publishers ,
_c2003.
300 _a228p :
_bill. ;
_c22cm .
365 _aRs. 325.00
504 _aChronology, Bibliography, Index
653 _aHardy thomas - Criticm and interpretetion
942 _2ddc
_cBK
999 _c3086
_d3086